[Event "Hillerod op"]
[Site "Hillerod"]
[Date "2014.??.??"]
[Round "7"]
[White "Holm, Henrik"]
[Black "Neesgaard Madsen, Helge"]
[Result "0-1"]
[WhiteElo "1810"]
[BlackElo "1869"]
[PlyCount "98"]
[EventDate "2014.08.26"]
[EventType "swiss"]
[EventRounds "7"]
[EventCountry "DEN"]
[SourceTitle "EXT 2024"]
[Source "ChessBase"]
[SourceDate "2023.10.10"]
[SourceVersion "1"]
[SourceVersionDate "2023.10.10"]
[SourceQuality "1"]

1. e4 e5 2. f4 Nc6 3. Nc3 Bc5 4. Nf3 d6 5. Na4 Bg4 6. Nxc5 dxc5 7. Bb5 Nge7 8. 0-0 0-0 9. Be2 Nd4 10. Nxd4 Qxd4+ 11. Kh1 Bxe2 12. Qxe2 Rad8 13. f5 Nc6 14. a3 f6 15. d3 c4 16. Rf3 cxd3 17. cxd3 Kf7 18. Rg3 g6 19. Rb1 Rg8 20. Bd2 Ke8 21. Bc3 Qa4 22. Qf2 g5 23. Rc1 Kd7 24. Rh3 Kc8 25. Qe2 Rg7 26. Qc2 Qxc2 27. Rxc2 g4 28. Re3 Nd4 29. Bxd4 Rxd4 30. Kg1 Rgd7 31. Rc3 a5 32. Kf2 a4 33. Kg3 b5 34. Kxg4 b4 35. axb4 Rxb4 36. Re2 Rbd4 37. Ra3 Kb7 38. Rc2 Kb6 39. Rc4 Rxc4 40. dxc4 Rd2 41. Kf3 Ka5 42. h4 Rxb2 43. g4 Rb3+ 44. Rxb3 axb3 45. g5 fxg5 46. f6 b2 47. hxg5 b1Q 48. Kg4 Qxe4+ 49. Kh5 Qg6+ 0-1

[Event "Nordea Cup-C"]
[Site "Hillerod"]
[Date "2013.06.11"]
[Round "3"]
[White "Neesgaard Madsen, Helge"]
[Black "Holm, Henrik"]
[Result "0-1"]
[WhiteElo "1727"]
[BlackElo "1617"]
[PlyCount "76"]
[EventDate "2013.04.30"]
[EventType "tourn"]
[EventRounds "7"]
[EventCountry "DEN"]
[SourceTitle "EXT 2023"]
[Source "ChessBase"]
[SourceDate "2022.10.05"]
[SourceVersion "1"]
[SourceVersionDate "2022.10.05"]
[SourceQuality "1"]

1. d4 Nf6 2. e3 g6 3. f4 Bg7 4. Nf3 c5 5. Bd3 cxd4 6. exd4 b6 7. 0-0 0-0 8. c4 d5 9. Nc3 dxc4 10. Bxc4 Ba6 11. Bxa6 Nxa6 12. Be3 Nc7 13. Ne5 Ncd5 14. Nxd5 Nxd5 15. Qd3 Qd6 16. Bd2 Rfd8 17. Kh1 Nxf4 18. Qe4 Bxe5 19. dxe5 Qxd2 20. Rxf4 Qd5 21. Qe2 Rac8 22. Raf1 Rf8 23. Qa6 Rc2 24. R4f2 Rxf2 25. Rxf2 Qxe5 26. h3 Rd8 27. b3 Rd1+ 28. Rf1 Rxf1+ 29. Qxf1 a5 30. Qf2 Qd6 31. Qe2 h5 32. Qc4 Qc5 33. Qf4 Kg7 34. Qd2 e5 35. g4 hxg4 36. hxg4 Qd4 37. Qe2 e4 38. g5 e3 0-1

[Event "Odysseus Spring B"]
[Site "Soborg"]
[Date "2009.04.23"]
[Round "2"]
[White "Neesgaard Madsen, Helge"]
[Black "Kristensen, Steffen Michael"]
[Result "0-1"]
[WhiteElo "1699"]
[BlackElo "1234"]
[PlyCount "88"]
[EventDate "2009.04.16"]
[EventType "tourn"]
[EventRounds "5"]
[EventCountry "DEN"]
[SourceTitle "EXT 2023"]
[Source "ChessBase"]
[SourceDate "2022.10.05"]
[SourceVersion "1"]
[SourceVersionDate "2022.10.05"]
[SourceQuality "1"]

1. e4 c5 2. Nf3 d6 3. Bb5+ Bd7 4. Bxd7+ Nxd7 5. 0-0 Ngf6 6. Re1 e5 7. c3 Be7 8. d4 0-0 9. Bg5 Qb6 10. Qd2 h6 11. dxc5 Nxc5 12. Bxf6 Bxf6 13. c4 Qc6 14. Nc3 Ne6 15. Nd5 Bd8 16. b3 Nc7 17. Nb4 Qc5 18. a4 a5 19. Nd5 Nxd5 20. cxd5 Qc7 21. Rac1 Qd7 22. Rc4 Be7 23. Rec1 Bd8 24. Qc2 Bb6 25. Nh4 Bc5 26. Nf5 Kh7 27. Qd2 b6 28. Qe2 g6 29. Ne3 Rac8 30. Nd1 f5 31. exf5 Qxf5 32. Ne3 Bxe3 33. Qxe3 Rxc4 34. Rxc4 Rc8 35. Rxc8 Qxc8 36. g3 Qc7 37. h4 Kg7 38. Qd3 Qc1+ 39. Kg2 Qc5 40. Kh2 Qxf2+ 41. Kh3 Qf5+ 42. Qxf5 gxf5 43. Kg2 Kf6 44. Kf2 e4 0-1

[Event "Bagsvard GSF 75 Years-C"]
[Site "Bagsvard"]
[Date "2008.04.29"]
[Round "3"]
[White "Varming, Thomas"]
[Black "Neesgaard Madsen, Helge"]
[Result "1-0"]
[WhiteElo "1723"]
[BlackElo "1742"]
[PlyCount "149"]
[EventDate "2008.04.15"]
[EventType "tourn"]
[EventRounds "7"]
[EventCountry "DEN"]
[SourceTitle "EXT 2023"]
[Source "ChessBase"]
[SourceDate "2022.10.05"]
[SourceVersion "1"]
[SourceVersionDate "2022.10.05"]
[SourceQuality "1"]

1. d4 d5 2. c4 e6 3. Nc3 f5 4. Nf3 Nf6 5. cxd5 exd5 6. Bg5 c6 7. e3 Be7 8. Ne5 0-0 9. Bd3 Ne4 10. Bxe7 Qxe7 11. Qc2 Nd7 12. Nxd7 Bxd7 13. 0-0 Rf6 14. Rae1 Rh6 15. g3 Qf7 16. f4 Qh5 17. Bxe4 fxe4 18. Rf2 Rf8 19. b4 Bg4 20. Qb3 Kh8 21. b5 Bd7 22. bxc6 Bxc6 23. Qa3 Ra8 24. Qe7 Re8 25. Qa3 a6 26. Nb1 Rf6 27. Nc3 g5 28. Ref1 Ref8 29. Qe7 R8f7 30. Qe5 Kg8 31. Qxg5+ Qxg5 32. fxg5 Rf3 33. Rxf3 exf3 34. Kf2 b5 35. Nb1 b4 36. Nd2 Bb5 37. Rc1 Bc4 38. Nxc4 Rc7 39. Kxf3 dxc4 40. e4 a5 41. Ke3 a4 42. d5 b3 43. axb3 axb3 44. Kd2 Kf7 45. Kc3 Ke7 46. e5 Rc5 47. Rd1 Kf7 48. d6 Rc8 49. d7 Rd8 50. Kxc4 b2 51. Rb1 Ke6 52. Rxb2 Rxd7 53. Re2 h6 54. gxh6 Rh7 55. Kd4 Rxh6 56. Rc2 Rh5 57. Rc6+ Ke7 58. h4 Rh8 59. Ra6 Re8 60. Ke4 Rg8 61. Kf4 Rf8+ 62. Rf6 Ra8 63. g4 Ra4+ 64. Kf5 Rb4 65. h5 Rb1 66. h6 Rh1 67. Kg6 Rh4 68. g5 Rh3 69. Kg7 Re3 70. h7 Rxe5 71. h8Q Rxg5+ 72. Kh6 Rg1 73. Qf8+ Kd7 74. Qg7+ Rxg7 75. Kxg7 1-0

[Event "Frederikssund Weekend G1 2nd"]
[Site "Frederikssund"]
[Date "2004.09.26"]
[Round "4"]
[White "Neesgaard Madsen, Helge"]
[Black "Christiansen, Poul"]
[Result "0-1"]
[WhiteElo "1767"]
[BlackElo "1743"]
[PlyCount "84"]
[EventDate "2004.09.24"]
[EventType "tourn"]
[EventRounds "5"]
[EventCountry "DEN"]
[SourceTitle "EXT 2023"]
[Source "ChessBase"]
[SourceDate "2022.10.05"]
[SourceVersion "1"]
[SourceVersionDate "2022.10.05"]
[SourceQuality "1"]

1. d4 Nf6 2. c3 b6 3. e3 Bb7 4. f4 e6 5. Nf3 c5 6. Bd3 cxd4 7. exd4 Be7 8. 0-0 0-0 9. Be3 Ng4 10. Qe2 f5 11. Ne5 Nf6 12. Nd2 d5 13. Rf3 Nbd7 14. Rh3 Nxe5 15. fxe5 Ng4 16. Rf1 g6 17. Nf3 Kg7 18. Qd2 Nxe3 19. Qxe3 h5 20. Rf2 Bc6 21. Rg3 Bd7 22. Ne1 Bh4 23. Rff3 g5 24. Bc2 Bxg3 25. Rxg3 g4 26. Qe2 Kh6 27. Qd3 Rg8 28. h3 Qg5 29. Kh2 Rg7 30. hxg4 hxg4 31. Re3 Kg6 32. Kg1 Rh8 33. Kf2 Kf7 34. g3 f4 35. Re2 f3 36. Re3 Rh2+ 37. Kg1 Qh5 38. Nxf3 gxf3 39. Rxf3+ Ke7 40. Kf1 Qxf3+ 41. Qxf3 Rf7 42. Kg1 Rxf3 0-1

[Event "Odysseus Autumn"]
[Site "Soborg"]
[Date "2002.10.10"]
[Round "5"]
[White "Jorgensen, Carina Eilegaard"]
[Black "Neesgaard Madsen, Helge"]
[Result "0-1"]
[WhiteElo "1729"]
[BlackElo "1721"]
[PlyCount "74"]
[EventDate "2002.09.12"]
[EventType "tourn"]
[EventRounds "5"]
[EventCountry "DEN"]
[SourceTitle "EXT 2023"]
[Source "ChessBase"]
[SourceDate "2022.10.05"]
[SourceVersion "1"]
[SourceVersionDate "2022.10.05"]
[SourceQuality "1"]

1. e4 c5 2. Nf3 Nc6 3. d4 cxd4 4. Nxd4 Nf6 5. f3 e5 6. Nb5 d6 7. Be3 a6 8. N5c3 Be6 9. Nd2 b5 10. a3 Be7 11. Nb3 0-0 12. Qd2 Rc8 13. Rd1 b4 14. Nd5 a5 15. Bb6 Qd7 16. Nxe7+ Qxe7 17. Nxa5 Nxa5 18. Bxa5 bxa3 19. bxa3 Bc4 20. Bxc4 Rxc4 21. c3 Nxe4 22. fxe4 Rxe4+ 23. Kf1 Rf4+ 24. Ke2 Qa7 25. Rdf1 Qxa5 26. Rxf4 exf4 27. Qxd6 Re8+ 28. Kf2 Qxc3 29. Qxf4 Qc2+ 30. Kg3 Qd3+ 31. Qf3 Re3 32. Rf1 Rxf3+ 33. Rxf3 Qd6+ 34. Kh3 h5 35. Rg3 Qf4 36. a4 Qxa4 37. Rc3 Qg4# 0-1

[Event "Odysseus Autumn B"]
[Site "Soborg"]
[Date "2001.09.??"]
[Round "3"]
[White "Neesgaard Madsen, Helge"]
[Black "Koefoed, Peter"]
[Result "1/2-1/2"]
[WhiteElo "1815"]
[BlackElo "1887"]
[PlyCount "102"]
[EventDate "2001.09.06"]
[EventType "tourn"]
[EventRounds "5"]
[EventCountry "DEN"]
[SourceTitle "EXT 2023"]
[Source "ChessBase"]
[SourceDate "2022.10.05"]
[SourceVersion "1"]
[SourceVersionDate "2022.10.05"]
[SourceQuality "1"]

1. d4 c5 2. e3 e6 3. Bd3 g6 4. f4 cxd4 5. exd4 Bg7 6. Nf3 Nc6 7. c3 Nge7 8. 0-0 b6 9. Be3 Bb7 10. Nbd2 Nd5 11. Qe2 0-0 12. Rad1 Nce7 13. c4 Nxe3 14. Qxe3 Rc8 15. Ne4 Nf5 16. Qf2 Bxe4 17. Bxe4 Nd6 18. Bd3 Nxc4 19. h4 d5 20. h5 Qf6 21. hxg6 hxg6 22. b3 Nd6 23. Ne5 Qe7 24. g4 Bxe5 25. fxe5 Ne8 26. Qf4 Kg7 27. Rf2 Rh8 28. Rdf1 Rc7 29. g5 Rh5 30. Rg2 Rc3 31. Be2 Rhh3 32. Bg4 Rh8 33. Qd2 Qc7 34. Rgf2 Rg3+ 35. Rg2 Qc3 36. Qf2 Rxg2+ 37. Kxg2 Qc7 38. Qf4 Kg8 39. Bxe6 Rh7 40. Bxd5 Qd7 41. Qf3 Nc7 42. Bc4 Ne6 43. Qg4 Rh5 44. Bxe6 fxe6 45. Kg3 Qc6 46. Qf4 Qe8 47. Rc1 Qd8 48. Kg4 Rh7 49. Qf6 Qxd4+ 50. Kg3 Qe3+ 51. Kg2 Qxc1 1/2-1/2